| 000 | 00457pab a2200169 454500 | ||
|---|---|---|---|
| 008 | 180718b2007 xxu||||| |||| 00| 0 eng d | ||
| 100 | _aCurtis, Fred | ||
| 245 | _aClimate change, peak oil, and globalization: contradictions of natural capital | ||
| 260 | _c2007 | ||
| 300 | _ap.385-90. | ||
| 362 | _aSummer | ||
| 650 | _aGlobalization | ||
| 650 | _aClimatic change | ||
| 773 | _aReview of Radical Political Economics | ||
| 908 | _aN | ||
| 909 | _a76161 | ||
| 999 |
_c76161 _d76161 |
||